Scale ship modeler

Detalles Bibliográficos
Título anterior:R/C model boats & racing
Formato: Electrónico Revista
Lenguaje:inglés
Publicado: Canoga Park, CA : Challenge Publications
Materias:
Acceso en línea:Full text available from Research Library: 07/01/1998 to 11/30/2000

MARC

LEADER 00000nas a2200000 a 4500
001 ssj0017212
003 WaSeSS
005 20200512172242.0
006 m d
007 cr n
008 921022c19929999caumx p s 0 a0eng c
010 |a  92641579   |z sn 92003611  
022 |l 1066-0275  |y 1066-0275 
032 |a 547310  |b USPS 
035 |a (WaSeSS)ssj0017212 
037 |b Challenge Publications, Inc., 7950 Deering Ave., Canoga Park, CA 91304 
040 |a NSD  |b eng  |c NSD  |d DLC  |d NSD  |d OCLCQ  |d OCLCF  |d OCLCO  |d CUS  |d WaSeSS 
042 |a nsdp  |a pcc 
050 0 0 |a VM298  |b .R2 
082 1 0 |a 623  |2 12 
130 0 |a Scale ship modeler (Canoga Park, Calif. : 1992) 
210 0 |a Scale ship model.  |b (1992) 
222 0 |a Scale ship modeler  |b (1992) 
245 1 0 |a Scale ship modeler  |h [electronic resource]. 
260 |a Canoga Park, CA :  |b Challenge Publications 
310 |a 8 no. a year,  |b <Oct. 1994>- 
321 |a Nine no. a year,  |b <Nov. 1992>- 
362 1 |a Began in 1992. 
506 |a License restrictions may limit access. 
588 |a Description based on: Vol. 15, no. 8 (Nov. 1992); title from cover. 
588 |a Latest issue consulted: Vol. 17, no. 7 (Oct. 1994). 
650 0 |a Boats and boating  |x Models  |x Radio control  |v Periodicals. 
650 0 |a Ship models  |x Radio control  |v Periodicals. 
650 7 |a Boats and boating  |x Models  |x Radio control.  |2 fast  |0 (OCoLC)fst00835207 
650 7 |a Ship models  |x Radio control.  |2 fast  |0 (OCoLC)fst01116176 
655 0 |a Electronic journals. 
780 0 0 |t R/C model boats & racing  |x 1062-757X  |w (DLC) 92644109  |w (OCoLC)25775257 
850 |a DLC 
856 4 0 |z Full text available from Research Library: 07/01/1998 to 11/30/2000  |u https://search.proquest.com/publication/46656